Cycling - Bikes of World Tour and Pro Teams 2025 - Statistics

General Stats
  • This quiz has been taken 178 times
  • The average score is 18 of 35
Answer Stats
Team Bike brand % Correct
Alpecin - Deceuninck Canyon
94%
Lidl - Trek Trek
92%
UAE Team Emirates - XRG Colnago
89%
Team Visma | Lease a Bike Cervélo
88%
Red Bull - BORA - hansgrohe Specialized
87%
Soudal Quick-Step Specialized
85%
Decathlon AG2R La Mondiale Team Van Rysel
84%
INEOS Grenadiers Pinarello
83%
EF Education - EasyPost Cannondale
81%
Movistar Team Canyon
79%
Bahrain - Victorious Merida
77%
Intermarché - Wanty Cube
73%
Team Jayco AlUla Giant
69%
Arkéa - B&B Hotels Bianchi
64%
Q36.5 Pro Cycling Team SCOTT
55%
Groupama - FDJ Wilier Triestina
54%
Israel - Premier Tech Factor
53%
Cofidis LOOK
51%
XDS Astana Team XDS
48%
Tudor Pro Cycling Team BMC
47%
Unibet Tietema Rockets Cannondale
44%
Lotto Orbea
41%
Team Picnic PostNL Lapierre
40%
Uno-X Mobility Ridley
34%
Burgos Burpellet BH BH
31%
Team TotalEnergies ENVE
28%
Team Polti VisitMalta Aurum
21%
Equipo Kern Pharma Giant
20%
Team Flanders - Baloise Eddy Merckx
18%
VF Group - Bardiani CSF - Faizanè De Rosa
11%
Wagner Bazin WB De Rosa
9%
Caja Rural - Seguros RGA MMR
8%
Team Novo Nordisk Argon 18
7%
Euskaltel - Euskadi Mendiz
3%
Team Solution Tech - Vini Fantini Pardus
2%
No matching quizzes found
Score Distribution
Percent of People with Each Score
Percentile by Number Answered
Your Score History
You have not taken this quiz